01471nam a2200289Ia 4500003000400000005001700004008004100021024001300062037001600075040003500091041000800126082001400134100003400148245004400182260004400226300002900270490002300299520070200322521001101024650002401035650003901059650004401098942001201142999001501154952000601169952000601175OSt20250414113341.0191128s1965 ck a er 000 f spa d a45013-71 3Donación  aCO-JMCRcCO-JMCRdCO-JMCRerda aspa14aA-NbDRUr1 aDruon, Maurice, eautor9677910aLa reina estrangulada / cMaurice Druon aBogota : bCírculo de lectores,c1965 a230 páginas ; c20 cm.0 aLos reyes malditos aTras veintinueve años de gobierno, el Rey de Hierro acaba de morir, siete meses más tarde que el papa Clemente V y cuando han transcurrido seis de la muerte de Guillermo de Nogaret. Parecía cumplirse la maldición lanzada desde las llamas de la hoguera por el jefe de los templarios, que emplazaba a los tres a comparecer ante el tribunal de Dios antes de un año. A Felipe el Hermoso le sucedía en el trono de Francia Luis X, príncipe de pobre inteligencia, cuya esposa Margarita de Borgoña estaba encarcelada, acusada de adulterio. Dos grupos antagónicos se disputarán el poder en una lucha sin cuartel, mientras el pueblo espera un nuevo Papa y se ve acosado por la miseria... aAdulto14aNovela francesa92814aNovela histórica francesa94312014aReyes y soberanos en la literatura9803 2ddccBK c3572d3572 00 00